Naučte se číst ! /

Gespeichert in:
Bibliographische Detailangaben
1. Verfasser: Papík, Richard (Verfasst von)
Format: Buch
Sprache:Tschechisch
Veröffentlicht: Praha : Grada, 1992
Schlagworte:
Tags: Tag hinzufügen
Keine Tags, Fügen Sie das erste Tag hinzu!

MARC

LEADER 00000nam a22000003a 4500
001 stu39136
005 20150617225721.8
008 930104s1992----cs------------------cze-d
020 |a 80-85424-93-2 
040 |a STU  |b slo 
041 0 |a cze 
044 |a cs 
080 |a 028.1(035) 
100 1 |a Papík, Richard  |4 aut 
245 1 |a Naučte se číst ! /  |c [aut.]Richard Papík 
260 |a Praha :  |b Grada,  |c 1992 
300 |a 181 s 
650 7 |a Čítanie  |2 stusub 
650 7 |a príručky  |2 stusub 
996 |b 284M033929  |c M*8202-1  |l MMST  |s P  |a 0  |w stu39136_0001